000 00215nam a22000977a 4500
999 _c261892
_d261891
020 _a9781841482873
100 _aStella Blackstone
245 _aBear In A Square
260 _aUSA
_bBarefoot Books
_c1998
942 _cBK